Adam a kabalistický strom / Z'ev ben Shimon Halevi ; [z anglického originálu ... přeložila Monika Kittová]
Record details
- ISBN: 80-7207-407-5
- Physical Description: 303 s. : il. ; 21 cm
- Edition: Vyd. 1.
- Publisher: Praha : Volvox Globator, 2001
Content descriptions
| General Note: | Terminologický slovníček "33. svazek edice Sebrané spisy Shimona Haleviho"--Tiráž |
| Bibliography, etc. Note: | Obsahuje rejstřík |
Search for related items by subject
| Subject: | kabala cabala |
| Genre: | pojednání essays |
Search for related items by series
Available copies
- 1 of 1 copy available at Common Catalog SPOK.
Holds
- 0 current holds with 1 total copy.
Show Only Available Copies
| Location | Call Number / Copy Notes | Barcode | Shelving Location | Status | Due Date |
|---|---|---|---|---|---|
| The Jewish community of Prague | J 1240 | 4638302709 | J - Judaika | Available | - |
Electronic resources
Version of Resource: Digitalizovaný dokument
| LDR | 01474cam a2200421 a 4500 | ||
|---|---|---|---|
| 001 | 54716 | ||
| 003 | CZ-PrJAB | ||
| 005 | 20171215073732.0 | ||
| 007 | tu | ||
| 008 | 020103s2001 xr a e 001 0 cze | ||
| 015 | . | ‡acnb000888931 | |
| 020 | . | ‡a80-7207-407-5 ‡q(váz.) | |
| 035 | . | ‡a(CZ PrNK)cpk20020888931 | |
| 035 | . | ‡a(OCoLC)50343584 | |
| 040 | . | ‡aOSA001 ‡bcze ‡dABA001 | |
| 041 | 1 | . | ‡acze ‡heng |
| 072 | 7. | ‡a26 ‡xJudaismus ‡2Konspekt ‡95 | |
| 080 | . | ‡a26-587 ‡2MRF | |
| 080 | . | ‡a(049) ‡2MRF | |
| 100 | 1 | . | ‡aHalevi, Z'ev ben Shimon, ‡d1933- ‡7jn19981001390 ‡4aut |
| 245 | 1 | 0. | ‡aAdam a kabalistický strom / ‡cZ'ev ben Shimon Halevi ; [z anglického originálu ... přeložila Monika Kittová] |
| 250 | . | ‡aVyd. 1. | |
| 260 | . | ‡aPraha : ‡bVolvox Globator, ‡c2001 | |
| 300 | . | ‡a303 s. : ‡bil. ; ‡c21 cm | |
| 490 | 1 | . | ‡aSebrané spisy Shimona Haleviho ; ‡vsv. 1 |
| 500 | . | ‡aTerminologický slovníček | |
| 500 | . | ‡a"33. svazek edice Sebrané spisy Shimona Haleviho"--Tiráž | |
| 504 | . | ‡aObsahuje rejstřík | |
| 650 | 0 | 7. | ‡akabala ‡7ph114852 ‡2czenas |
| 650 | 0 | 9. | ‡acabala ‡2eczenas |
| 655 | 7. | ‡apojednání ‡7fd133056 ‡2czenas | |
| 655 | 9. | ‡aessays ‡2eczenas | |
| 765 | 0 | . | ‡tAdam and the Kabbalistic tree ‡9Česky |
| 800 | 1 | . | ‡aHalevi, Z'ev ben Shimon, ‡d1933- ‡tSebrané spisy |
| 856 | 4 | 1. | ‡uhttp://krameriusndk.nkp.cz/search/handle/uuid:2e3d58d0-abc9-11ea-998c-005056827e51 ‡yDigitalizovaný dokument |
| 910 | . | ‡aABE461 | |
| 995 | . | ‡aska | |
| 964 | . | ‡aKabala - stati | |
| 901 | . | ‡a54716 ‡bAUTOGEN ‡c54716 ‡tbiblio | |